Circuit de teatres municipals : teatre, música, dansa teatre, música, dansa
Descripción Física:
v. ; 27 cm
MARC
| LEADER | 00000nam a2200000Ia 4500 | ||
|---|---|---|---|
| 001 | 15047, 15048, 15049, 15050, 15319, 17886, 17887, 17888, 17889 | ||
| 008 | 160829s2002 - xx 000 0 cat d | ||
| 080 | |a FU-33-51, FU-33-52, FU-33-53, FU-33-54, FU-36-13, FU-8-24, FU-8-25, FU-8-26, FU-8-36 | ||
| 245 | |a Circuit de teatres municipals : |b teatre, música, dansa | ||
| 260 | |a [Barcelona] : |b Institut d'Edicions de la Diputació de Barcelona, |c 2002 - | ||
| 300 | |a v. ; |c 27 cm | ||
| 590 | |a A partir de 2003, les dimensions varien: 27-37 cm. | ||
| 590 | |a Trimestral. | ||
| 590 | |a A la contraportada: Diputació de Barcelona, Àrea de Cultura, Oficina de Difusió Artística | ||
| 650 | 0 | |a Espectacles i passatemps |x Barcelona (Catalunya : Província) |x Guies |9 29968 | |
| 650 | |a Teatre |x Barcelona (Província) |x Guies |9 21940 | ||
| 650 | 0 | |a Música |z Barcelona (Província) |v Guies |9 21941 | |
| 650 | 0 | |a Dansa |z Barcelona (Província) |v Guies |9 29970 | |
| 710 | 1 | |a Barcelona (Catalunya : Província). |b Oficina de Difusió Artística |9 52669 | |
| 866 | |a gener-març 2002, abril-juny 2002, octubre-desembre 2002, gener-abril 2003, primavera 2003, tardor 2003, primavera 2004, tardor 2004, hivern 2004 | ||
| 901 | |a Arxiu | ||
| 942 | |n 1 | ||
| 952 | |0 0 |1 0 |4 0 |6 FU3613_FU824_FU825_FU826_FU836 |7 1 |9 45192 |a Arxiu |b Arxiu |d 2016-12-01 |o FU-36-13, FU-8-24, FU-8-25, FU-8-26, FU-8-36 |r 2016-12-01 00:00:00 |w 2016-12-01 |y ARXIU | ||
| 952 | |0 0 |1 0 |4 0 |6 FU3351 |7 1 |9 65900 |a Arxiu |b Arxiu |d 2023-03-30 |h gener-març 2002 |l 0 |o FU-33-51 |p 15047 |r 2023-03-30 00:00:00 |w 2023-03-30 |y ARXIU | ||
| 952 | |0 0 |1 0 |4 0 |6 FU3352 |7 1 |9 65901 |a Arxiu |b Arxiu |d 2023-03-30 |h abril-juny 2002 |l 0 |o FU-33-52 |p 15048 |r 2023-03-30 00:00:00 |w 2023-03-30 |y ARXIU | ||
| 952 | |0 0 |1 0 |4 0 |6 FU3353 |7 1 |9 65902 |a Arxiu |b Arxiu |d 2023-03-30 |h octubre-desembre 2002 |l 0 |o FU-33-53 |p 15049 |r 2023-03-30 00:00:00 |w 2023-03-30 |y ARXIU | ||
| 952 | |0 0 |1 0 |4 0 |6 FU3354 |7 1 |9 65903 |a Arxiu |b Arxiu |d 2023-03-30 |h primavera 2003 |l 0 |o FU-33-54 |p 15050 |r 2023-03-30 00:00:00 |w 2023-03-30 |y ARXIU | ||
| 952 | |0 0 |1 0 |4 0 |6 FU3613 |7 1 |9 65910 |a Arxiu |b Arxiu |d 2023-03-30 |h gener-abril 2003 |l 0 |o FU-36-13 |p 15319 |r 2023-03-30 00:00:00 |w 2023-03-30 |y ARXIU | ||
| 999 | |c 48264 |d 48264 | ||